La vie du crazynico - Statistiques

Statistiques générales
  • Ce quiz a été pris 9 fois
  • Le résultat moyen est 6 sur 15
Statistiques - réponses
Hint Réponse % Correct
Combien a-t-il de frères et sœurs ? 4
83%
A 8 ans, Nicolas se fait violemment écraser par une voiture et se fait fracturer le tibia-peroné. Devant quel édifice public se trouvait-il au moment de l'accident ? (indice : il a vite été pris en charge) Hôpital
67%
Quelle est sa boisson préférée ? Eau
50%
VRAI OU FAUX : Le père de son ancien meilleur ami est connu pour avoir tué 12 personnes ? FAUX, ca va pas ou quoi
50%
Où habite -il ? Bourg-la-Reine
33%
Il a prêté sa voix pour une série : quelle est le nom de la série ? Cœurs noirs saison 2
33%
Où a t-il fait son alternance ? France Télévisions
33%
Quel est son signe astrologique ? Gémaux
33%
Quel examen a-t-il magnifiquement échoué en 2024 ? LE CRFPA CE GRAND FOU
33%
Que s'est-il passé pour lui le 17 avril 2024 ? Opération de la mâchoire
33%
Comment s'appelle son chat adoré trop mimi ? (Indice : il a été adopté peu de temps après un voyage dans un pays du Royaume-Uni) Scotty
33%
Quelle sitcom regarde t-il deux à trois fois par an ? The Office
33%
Quel est son film préféré ? Troy
33%
Dans quel petit coin de France se trouve sa résidence secondaire ? (le riche ou quoi lol xd ptdr) Corrèze
17%
Quel est son plat de prédilection ? Poulet curry coco
17%
Aucun quiz correspondant
Distribution des résultats
% des personnes avec chaque résultat
Percentile par nombre de réponses
Votre historique - résultats
Vous n’avez pas pris ce quiz